000 00689nam a2200181 a 4500
001 000029310
005 20200930055452.0
008 110414s2004 dr 000 0 spa d
040 _aDO-SdBNP
_bspa
_cBNPHU
082 _axxxx
_bI91m
100 1 _aIturralde-Vinent, Manuel A.
_956194
245 1 4 _aLos mamíferos terrestres de las antillas mayores :
_bnotas sobre la paleografía, biogeografía, irradicaiones y extinciones /
_cManuel A. Iturralde-Vinent, Ross D. E. MacPhee.
260 _aSanto Domingo :
_bAcademia de Ciencias de la República Dominicana,
_c2004.
300 _a30 p. :
_bil.
504 _aBibligrafía : p. 25-30
700 1 _aMacPhee, Ross D. E.
_956195
049 _aBNPD
999 _c28802
_d28802